| 000 | 00448nam a2200193Ia 4500 | ||
|---|---|---|---|
| 008 | 170918s9999 xx 000 0 und d | ||
| 020 | _a9780545291026 | ||
| 050 | _bR994 1996 | ||
| 100 | _aRylant, Cynthia | ||
| 245 | 4 | _aThe bookshop dog / | |
| 245 | _cCynthia Rylant. | ||
| 260 | _aNew York : | ||
| 260 | _bScholastic, | ||
| 260 | _c1996 | ||
| 300 | _aunpaged : | ||
| 300 | _bcolored illustration ; | ||
| 300 | _c26cm. | ||
| 500 | _a340 | ||
| 999 |
_c342429 _d342429 |
||